=LDR 00000nam 2200000 4500 =001 INLIS000000000061346 =005 20221011095812 =035 ##$$a 0010-1022000087 =245 1#$$a Buku cerdas /$c Edi Sigar =100 #$$a Edi Sigar =300 ##$$a 815 hlm. ; $c 23 x 16 cm. =260 ##$$a [ s.l ] :$b Pustaka Delapratasa,$c 2005 =082 ##$$a R.002.04 =084 ##$$a R.002.04 SG b =020 ##$$a 979-3253-14-2 =600 #4$$a Ilmu Pengetahuan - khusus =008 221011###########################0###### =990 ##$$a 10407237 =990 ##$$a 10407239